| 000 | 01005nab a22002297a 4500 | ||
|---|---|---|---|
| 999 |
_c6514 _d6514 |
||
| 003 | OSt | ||
| 005 | 20260218115309.0 | ||
| 008 | 190429b xxu||||| |||| 00| 0 spa d | ||
| 040 | _cPJ | ||
| 100 |
_97047 _aBertazza, Humberto J. |
||
| 245 | 1 | 3 |
_aLa comisión de nuevas infracciones o delitos y sus efectos en la prescripción / _cHumberto J. Bertazza. |
| 260 |
_cCiudad Autónoma de Buenos Aires : _aThomson Reuters La Ley, _b2024. |
||
| 300 | _ap. 13-15 | ||
| 500 | _aCita: TR LALEY AR/DOC/3087/2023. | ||
| 505 | _aSumario: I. El tema.— II. Régimen Penal Tributario.— III. Ley de Procedimiento Tributario. | ||
| 505 | _tSi te interesa el texto completo, solicitalo a koha@justierradelfuego.gov.ar | ||
| 650 | 0 |
_9343 _aDERECHO PENAL |
|
| 650 | 0 |
_93092 _aPRESCRIPCIÓN |
|
| 650 | 0 |
_9573 _aPROCEDIMIENTO TRIBUTARIO |
|
| 773 | 0 |
_02658 _93164 _tRevista de derecho penal y criminología. Nº 7 - Julio 2024 _dCiudad Autónoma de Buenos Aires : Thomson Reuters La Ley, 2017- _x00347914 |
|
| 942 |
_2udc _cANA |
||